000 00401nam a22001697a 4500
005 20180621095116.0
008 160620b xxu||||| |||| 00| 0 eng d
020 _a81-86314-30-
041 _aeng
082 _b8579
_a658
100 _aShejwalkar, Dr PC and others
_94387
245 _aPriciples and practice Mgt
260 _bEPH
_c2008
300 _a285
650 _aManagement
_9241
942 _cBK
999 _c3303
_d3302